Loading...
| Literature - Euro Lit | 2 | 4 | 0 | 1 | 70 | 43 | 79.17 | 4 | 4 |
| Arts - Music | 0 | 5 | 0 | 1 | 50 | 79 | 115.60 | 0 | 3 |
| Other - Other Academic | 2 | 1 | 0 | 0 | 40 | 37 | 60.00 | 1 | 3 |
| Literature - British Lit | 1 | 3 | 2 | 0 | 35 | 79 | 112.00 | 2 | 4 |
| Literature - American Lit | 0 | 4 | 1 | 0 | 35 | 111 | 119.50 | 2 | 4 |
| Science - Other Science | 0 | 3 | 0 | 1 | 30 | 62 | 90.00 | 2 | 3 |
| Literature - World Lit | 0 | 3 | 1 | 0 | 25 | 89 | 94.67 | 0 | 3 |
| Arts - Other Arts | 2 | 0 | 1 | 0 | 25 | 42 | 46.00 | 2 | 2 |
| Thought - Social Science | 1 | 1 | 1 | 0 | 20 | 65 | 89.50 | 1 | 2 |
| Arts - Painting | 0 | 3 | 2 | 1 | 20 | 88 | 115.33 | 0 | 3 |
| Thought - Philosophy | 0 | 2 | 1 | 0 | 15 | 95 | 110.50 | 0 | 1 |
| Other - Geo/CE | 0 | 1 | 0 | 0 | 10 | 83 | 83.00 | 0 | 1 |
| Beliefs - Religion | 0 | 1 | 0 | 0 | 10 | 116 | 116.00 | 0 | 0 |
| Other - Pop Culture | 0 | 1 | 0 | 1 | 10 | 161 | 161.00 | 0 | 0 |
| Science - Engineering | 0 | 1 | 0 | 0 | 10 | 115 | 115.00 | 0 | 1 |
| Beliefs - Mythology | 0 | 1 | 0 | 0 | 10 | 85 | 85.00 | 1 | 1 |
| History - Other History | 0 | 1 | 0 | 1 | 10 | 135 | 135.00 | 0 | 0 |
| History - Euro History | 0 | 1 | 0 | 0 | 10 | 78 | 78.00 | 0 | 1 |
| Science - Physics | 0 | 1 | 1 | 0 | 5 | 138 | 138.00 | 0 | 0 |